00491nam a22001577a 450000500170000001000150001702000260003203500140005803700130007208200160008510000160010124500580011726000550017527000820023030000210031220230202161440.0 aENG-136108 a9789380530291c100.00 aEN-119640 bDBAD/PUB a332.1023768 aMurugan, R. aBanking:cR. Murugan, K. Singaravelu and S. Murugaian aNew DelhibMarkazi Maktaba Islami Publishersc2016 aD-307, Dawat Nagar, Abul Fazl Enclave, Jamia Nagar, Okhla bNew Delhie110025 a192p.c22cm(pbk)